00282 a2200109 4500001000700000020000600007040001100013100003400024240005500058245005000113362000900163166066 a  cMagnum aVeiga, Ilma Passos Alencastro10aA pratica pedagogica do professor de didaticalpor10aA pratica pedagogica do professor de didatica0 a1899